000 00639nam a2200229Ia 4500
003 OSt
005 20221006164817.0
006 a|||||r|||| 00| 0
007 ta
008 221006b |||||||| |||| 00| 0 eng d
024 _a328
037 _cTextual
040 _aFML
_cFML
_beng
041 _2eng
_aeng
082 _aNR44z7, P7 -; 1
100 _aClayton Martin Au.
_9678374
245 0 _aMusic, Time & Place
_b Essays In Comparitive Musicology
260 _aDelhi
_bB. R. Rhythams
_c2007
300 _a296
_ccm.
942 _hNR44z7, P7 -; 1
_cTEXL
_2CC
999 _c1118547
_d1118547